[Event "Wuerzburg op Seniors 15th"]
[Site "Wuerzburg"]
[Date "2005.08.30"]
[Round "5"]
[White "Hefter, Franz"]
[Black "Chernyarskyy, Anton"]
[Result "0-1"]
[WhiteElo "1916"]
[BlackElo "1950"]
[PlyCount "124"]
[EventDate "2005.08.27"]
[EventType "swiss"]
[EventRounds "9"]
[EventCountry "GER"]
[SourceTitle "EXT 2007"]
[Source "ChessBase"]
[SourceDate "2006.11.23"]
[SourceVersion "1"]
[SourceVersionDate "2006.11.23"]
[SourceQuality "1"]

1. d4 Nf6 2. c4 g6 3. Nc3 Bg7 4. e4 d6 5. f3 0-0 6. Be3 Nbd7 7. Bd3 c5 8. Nge2 cxd4 9. Nxd4 Ne5 10. Be2 Bd7 11. 0-0 Rc8 12. b3 a6 13. Rc1 Nc6 14. Qd2 Nh5 15. f4 Nxd4 16. Bxd4 e5 17. fxe5 dxe5 18. Be3 Nf4 19. Bf3 Be6 20. Nd5 Bxd5 21. cxd5 h6 22. Rxc8 Qxc8 23. Rc1 Qd7 24. Qc3 f5 25. Qc2 Qb5 26. Qc4 fxe4 27. Bxf4 exf3 28. Be3 fxg2 29. Qxb5 axb5 30. Rc5 Rf3 31. Bf2 e4 32. Rc8+ Kf7 33. Kxg2 Rd3 34. Rc7+ Kg8 35. Rc8+ Kf7 36. Rc7+ Kf6 37. Rc5 Rd2 38. Kf1 Ke5 39. Rxb5 Rxa2 40. Bg3+ Kd4 41. d6 Ke3 42. Rxb7 Bf6 43. Rf7 Ra1+ 44. Kg2 Ra2+ 45. Kh3 Bg5 46. Kg4 Rb2 47. h4 Bd8 48. Rf8 h5+ 49. Kh3 g5 50. hxg5 Bxg5 51. Rb8 Rd2 52. Rc8 Rd3 53. b4 Bf4 54. Rc6 Bxg3 55. Kxg3 Kd2+ 56. Kg2 e3 57. Ra6 e2 58. Ra2+ Ke3 59. Ra1 Rxd6 60. b5 Rg6+ 61. Kh2 Kf2 62. Ra2 Kf1 0-1